000 00437nam a2200181Ia 4500
005 20240823060142.0
008 240823s9999||||xx |||||||||||||| ||und||
041 _aENGLISH
082 _A894.8111 Q7
100 _aNalli Kuppuswami Chettiar
245 0 _aBharathiyin Viswaroopa Tharisanam
250 _a1st
260 _c2017
_bSri Puvaneswari Pathi
500 _aYES
650 _aTamil
_bGeneral
942 _cBK
999 _c230452
_d230452